Statistics for Who's That Pokémon?

Click here to take the quiz!

General Stats

  • This quiz has been taken 6 times
    (5 since last reset)
  • The average score is 13 of 20

Answer Stats

DiscriptionPokémon% Correct
The pre-evolved form of Archeops.Archen
100%
This Shellfish Pokémon has cannons on its shell.Blastoise
100%
This Pokémon has the power to evolve into many evolutions.Eevee
100%
The Sky Squirrel PokémonEmolga
100%
Serena's first Pokémon that she received from the lab.Fennekin
100%
Ash's First PokémonPikachu
100%
This Pokémon can use the power of illusion to make itself look like any kind of Pokémon.Zorua
100%
The Lightning PokémonJolteon
67%
This Pokémon is the 2nd strongest Pokémon.Mewtwo
67%
This Pokémon was the first one ever to be made.Rhydon
67%
The Plasma PokémonRotom
67%
In 'Pokémon Adventures' vol. 8, Silver stole this Pokémon from Prof. Elm's lab.Totodile
67%
This Pokémon can use Acid Armor.Vaporeon
67%
The Sun PokémonEspeon
33%
The Face PokémonGlalie
33%
The Playhouse PokémonHappiny
33%
When this Pokémon is filled with resolve, it gains a blinding speed.Keldeo
33%
This Fairy-type Pokémon can float using its special bouyant tail.Marill
33%
This is the #809 Pokémon.Melmetal
33%
Ash lost his first gym battle in Kalos because of this Pokémon. (The last one he battled)Vivillion
33%

Score Distribution

Percentile by Number Answered

Percent of People with Each Score

Your Score History

You have not taken this quiz since the last reset